[Event "Schilcherland op 3rd"]
[Site "Deutschlandsberg"]
[Date "2019.12.28"]
[Round "1"]
[White "Janzelj, Tim"]
[Black "Neff, Gregor"]
[Result "1-0"]
[WhiteElo "2446"]
[BlackElo "2118"]
[PlyCount "81"]
[EventDate "2019.12.28"]
[EventType "swiss"]
[EventRounds "9"]
[EventCountry "AUT"]
[SourceTitle "CBM 194 Extra"]
[Source "ChessBase"]
[SourceDate "2020.03.31"]
[SourceVersion "1"]
[SourceVersionDate "2020.03.31"]
[SourceQuality "1"]

1. d4 Nf6 2. c4 e6 3. Nc3 Bb4 4. Bd2 0-0 5. e3 d5 6. Nf3 b6 7. cxd5 exd5 8. Bd3 Nbd7 9. 0-0 Bb7 10. Rc1 a6 11. Ne5 Bd6 12. f4 Ne4 13. Be1 Qe7 14. Qc2 f5 15. Qb3 Ndf6 16. Bxe4 fxe4 17. Bh4 Kh8 18. Ne2 c5 19. Qxb6 c4 20. b3 cxb3 21. Qxb3 a5 22. Nc3 Rab8 23. Nb5 Ba6 24. a4 Rbc8 25. Rxc8 Bxc8 26. Bxf6 gxf6 27. Qxd5 fxe5 28. Qxd6 Qxd6 29. Nxd6 exd4 30. exd4 Bd7 31. Nxe4 Bxa4 32. Nc5 Bc6 33. Rb1 a4 34. Rb6 Bd5 35. Nxa4 Rxf4 36. Rb4 Kg7 37. Nc3 Bc6 38. Rc4 Be8 39. g3 Rf7 40. Nd5 Bb5 41. Rc7 1-0

[Event "Schilcherland op 2nd"]
[Site "Deutschlandsberg"]
[Date "2019.01.02"]
[Round "6"]
[White "Hopman, Pieter"]
[Black "Neff, Gregor"]
[Result "1-0"]
[WhiteElo "2326"]
[BlackElo "2108"]
[PlyCount "39"]
[EventDate "2018.12.29"]
[EventType "swiss"]
[EventRounds "9"]
[EventCountry "AUT"]
[SourceTitle "CBM 188 Extra"]
[Source "ChessBase"]
[SourceDate "2019.02.26"]
[SourceVersion "1"]
[SourceVersionDate "2019.02.26"]
[SourceQuality "1"]

1. d4 Nf6 2. c4 g6 3. Nc3 Bg7 4. e4 0-0 5. Be2 d6 6. Be3 e5 7. d5 a5 8. g4 Na6 9. g5 Nd7 10. h4 f5 11. gxf6 Nxf6 12. h5 gxh5 13. Bxh5 c6 14. Bf3 cxd5 15. Nxd5 Be6 16. Nh3 Nxd5 17. cxd5 Bxh3 18. Rxh3 a4 19. Bg4 Nc5 20. Rc1 1-0

[Event "Schilcherland op 2nd"]
[Site "Deutschlandsberg"]
[Date "2018.12.31"]
[Round "4"]
[White "Pantev, Veselin"]
[Black "Neff, Gregor"]
[Result "1-0"]
[WhiteElo "2401"]
[BlackElo "2108"]
[PlyCount "76"]
[EventDate "2018.12.29"]
[EventType "swiss"]
[EventRounds "9"]
[EventCountry "AUT"]
[SourceTitle "CBM 188 Extra"]
[Source "ChessBase"]
[SourceDate "2019.02.26"]
[SourceVersion "1"]
[SourceVersionDate "2019.02.26"]
[SourceQuality "1"]

1. d4 d6 2. Nf3 g6 3. Bf4 Bg7 4. e3 Nd7 5. h3 e5 6. Bh2 Nh6 7. c3 0-0 8. Be2 Qe7 9. Qb3 Kh8 10. a4 a6 11. a5 f5 12. dxe5 dxe5 13. Qa3 Qxa3 14. Nxa3 Nf7 15. 0-0 e4 16. Nd4 Nde5 17. Rfd1 Bd7 18. Bg3 Bf6 19. Nc4 Rfd8 20. Nc2 Rac8 21. Nd4 Kg7 22. Kf1 Kf8 23. Nxe5 Nxe5 24. Nb3 Be6 25. Nc5 Ke7 26. Ke1 Rd6 27. Rxd6 cxd6 28. Nb3 Bd5 29. Nd4 Bc4 30. Bxe5 Bxe5 31. Ra4 Bxe2 32. Kxe2 Bxd4 33. exd4 Ke6 34. Rb4 Rc7 35. Ke3 g5 36. c4 h5 37. b3 h4 38. Rb6 Ke7 1-0

[Event "Ratten op 21st"]
[Site "Ratten"]
[Date "2014.05.31"]
[Round "4"]
[White "Neff, Gregor"]
[Black "Krstulovic, Alex"]
[Result "1/2-1/2"]
[WhiteElo "2187"]
[BlackElo "1985"]
[PlyCount "38"]
[EventDate "2014.05.29"]
[EventType "swiss"]
[EventRounds "5"]
[EventCountry "AUT"]
[SourceTitle "CBM 160 Extra"]
[Source "ChessBase"]
[SourceDate "2014.07.01"]
[SourceVersion "1"]
[SourceVersionDate "2014.07.01"]
[SourceQuality "1"]

1. d4 Nf6 2. Nf3 e6 3. g3 c5 4. c3 d5 5. Bg2 Nc6 6. 0-0 Be7 7. Bg5 0-0 8. e3 cxd4 9. exd4 Ne4 10. Bxe7 Qxe7 11. Nbd2 Nxd2 12. Qxd2 b6 13. Rfe1 Bb7 14. Ne5 Nxe5 15. Rxe5 Rac8 16. Rae1 Qd6 17. Bf1 Bc6 18. Bd3 a5 19. Qf4 h6 1/2-1/2

[Event "Ratten op 21st"]
[Site "Ratten"]
[Date "2014.05.29"]
[Round "2"]
[White "Huber, Martin Christian"]
[Black "Neff, Gregor"]
[Result "1-0"]
[WhiteElo "2283"]
[BlackElo "2187"]
[PlyCount "47"]
[EventDate "2014.05.29"]
[EventType "swiss"]
[EventRounds "5"]
[EventCountry "AUT"]
[SourceTitle "CBM 160 Extra"]
[Source "ChessBase"]
[SourceDate "2014.07.01"]
[SourceVersion "1"]
[SourceVersionDate "2014.07.01"]
[SourceQuality "1"]

1. Nf3 g6 2. d4 Bg7 3. e4 d6 4. c4 Nf6 5. Nc3 0-0 6. Be2 c6 7. 0-0 e5 8. d5 c5 9. Ne1 Nbd7 10. Be3 Ne8 11. g4 f5 12. gxf5 gxf5 13. exf5 Rxf5 14. Kh1 Nf8 15. Bd3 Ng6 16. Bxf5 Bxf5 17. Rg1 Qh4 18. Qf3 Nf4 19. Bxf4 Qxf4 20. Qxf4 exf4 21. Ng2 Bxc3 22. bxc3 Be4 23. f3 Bxf3 24. Raf1 1-0

[Event "Ratten op 21st"]
[Site "Ratten"]
[Date "2014.05.29"]
[Round "1"]
[White "Neff, Gregor"]
[Black "Karall, Lorenz"]
[Result "1/2-1/2"]
[WhiteElo "2187"]
[BlackElo "1953"]
[PlyCount "71"]
[EventDate "2014.05.29"]
[EventType "swiss"]
[EventRounds "5"]
[EventCountry "AUT"]
[SourceTitle "CBM 160 Extra"]
[Source "ChessBase"]
[SourceDate "2014.07.01"]
[SourceVersion "1"]
[SourceVersionDate "2014.07.01"]
[SourceQuality "1"]

1. d4 Nf6 2. c4 d6 3. Nc3 g6 4. e4 Bg7 5. h3 0-0 6. Be3 Nc6 7. Nf3 e5 8. d5 Ne7 9. g4 c6 10. Be2 cxd5 11. cxd5 Qa5 12. Nd2 Bd7 13. Nc4 Qc7 14. Rc1 Qb8 15. b4 Rc8 16. 0-0 b5 17. Na5 h6 18. f3 g5 19. Kg2 a6 20. Qd2 Ng6 21. Rc2 Qc7 22. Rfc1 Qd8 23. Bd3 Kh7 24. Ne2 Kh8 25. Nc6 Qe8 26. Ng3 Ng8 27. Nf5 Qf8 28. Qe2 Bf6 29. a4 Bxc6 30. Rxc6 Rxc6 31. Rxc6 bxa4 32. Bxa6 N8e7 33. Nxe7 Qxe7 34. b5 a3 35. Qc2 Nf8 36. Bf2 1/2-1/2

[Event "Semriach op 12th"]
[Site "Semriach"]
[Date "2013.04.30"]
[Round "4"]
[White "Neff, Gregor"]
[Black "Trattner, Alfred"]
[Result "1-0"]
[WhiteElo "2142"]
[BlackElo "1867"]
[PlyCount "23"]
[EventDate "2013.04.27"]
[EventType "swiss"]
[EventRounds "5"]
[EventCountry "AUT"]
[SourceTitle "CBM 154 Extra"]
[Source "ChessBase"]
[SourceDate "2013.06.25"]
[SourceVersion "2"]
[SourceVersionDate "2013.06.25"]
[SourceQuality "1"]

1. d4 f5 2. Nf3 Nf6 3. g3 b6 4. Bg2 Bb7 5. 0-0 e6 6. c4 Be7 7. Nc3 0-0 8. d5 exd5 9. Nd4 g6 10. cxd5 Na6 11. d6 Bxg2 12. dxe7 1-0

[Event "Semriach op 12th"]
[Site "Semriach"]
[Date "2013.04.29"]
[Round "3"]
[White "Wimmer, Herbert1111"]
[Black "Neff, Gregor"]
[Result "0-1"]
[WhiteElo "1977"]
[BlackElo "2142"]
[PlyCount "46"]
[EventDate "2013.04.27"]
[EventType "swiss"]
[EventRounds "5"]
[EventCountry "AUT"]
[SourceTitle "CBM 154 Extra"]
[Source "ChessBase"]
[SourceDate "2013.06.25"]
[SourceVersion "2"]
[SourceVersionDate "2013.06.25"]
[SourceQuality "1"]

1. d4 Nf6 2. Nf3 g6 3. c4 Bg7 4. Nc3 0-0 5. e4 d6 6. Be2 Na6 7. 0-0 e5 8. d5 Nc5 9. Qc2 a5 10. Be3 b6 11. Rab1 Ng4 12. Bg5 f6 13. Bh4 g5 14. Bg3 f5 15. h3 Nh6 16. Nd2 f4 17. Bh2 g4 18. hxg4 Bxg4 19. Bxg4 Nxg4 20. Rfe1 Qh4 21. Nf3 Qh5 22. g3 fxg3 23. fxg3 Rxf3 0-1

[Event "AUT-chT2O 1213"]
[Site "Austria"]
[Date "2012.11.17"]
[Round "3.6"]
[White "Neff, Gregor"]
[Black "Heiny, Michael"]
[Result "1-0"]
[WhiteElo "2133"]
[BlackElo "2090"]
[PlyCount "99"]
[EventDate "2012.10.06"]
[EventType "team-tourn"]
[EventRounds "11"]
[EventCountry "AUT"]
[SourceTitle "EXT 2014"]
[Source "ChessBase"]
[SourceDate "2013.11.20"]
[SourceVersion "1"]
[SourceVersionDate "2013.11.20"]
[SourceQuality "1"]
[WhiteTeam "Tschaturanga"]
[BlackTeam "Purbach"]
[WhiteTeamCountry "AUT"]
[BlackTeamCountry "AUT"]

1. Nf3 Nf6 2. d4 g6 3. b3 Bg7 4. Bb2 d5 5. e3 0-0 6. Nbd2 b6 7. Be2 Bb7 8. 0-0 Nbd7 9. c4 c5 10. Rc1 Rc8 11. dxc5 Nxc5 12. b4 Nce4 13. Nxe4 Nxe4 14. Bxg7 Kxg7 15. Qb3 e6 16. Rfd1 Qe7 17. Bd3 dxc4 18. Rxc4 Bd5 19. Qb2+ Qf6 20. Rd4 Nc3 21. Rf4 Qe7 22. Rc1 Qc7 23. Bc4 Bxf3 24. Qxc3+ Kg8 25. gxf3 b5 26. h4 Qe7 27. Qb3 bxc4 28. Rcxc4 Rxc4 29. Rxc4 Qf6 30. Kg2 Rb8 31. a4 a6 32. b5 axb5 33. axb5 e5 34. Qb4 Qe6 35. Rc5 Kg7 36. Qc3 Re8 37. Rc6 Qe7 38. Qc4 e4 39. Rc7 exf3+ 40. Kxf3 Qe6 41. Qxe6 Rxe6 42. Rc6 Re5 43. b6 Rb5 44. Ke4 h5 45. Kd4 f6 46. Rc7+ Kh6 47. b7 g5 48. hxg5+ fxg5 49. Kc4 Rb1 50. Kc5 1-0

[Event "AUT-ch"]
[Site "Zwettl"]
[Date "2012.07.27"]
[Round "7"]
[White "Kammerer, Rene"]
[Black "Neff, Gregor"]
[Result "1/2-1/2"]
[WhiteElo "2085"]
[BlackElo "2205"]
[PlyCount "74"]
[EventDate "2012.07.21"]
[EventType "swiss"]
[EventRounds "9"]
[EventCountry "AUT"]
[SourceTitle "CBM 149 Extra"]
[Source "ChessBase"]
[SourceDate "2012.08.24"]
[SourceVersion "1"]
[SourceVersionDate "2012.08.24"]
[SourceQuality "1"]

1. Nf3 Nf6 2. g3 d5 3. d4 c6 4. Bg2 Bf5 5. 0-0 e6 6. c4 Be7 7. Qb3 Qb6 8. Nc3 Nbd7 9. Qxb6 axb6 10. cxd5 exd5 11. Nh4 Bg6 12. Nxg6 hxg6 13. e4 Nxe4 14. Nxe4 dxe4 15. Re1 Nf6 16. Bg5 0-0-0 17. Rad1 Rhe8 18. h4 b5 19. a3 Kc7 20. Re2 Kb6 21. Rde1 Kc7 22. Bxe4 Bf8 23. d5 cxd5 24. Bd3 Rxe2 25. Rxe2 b4 26. a4 Bd6 27. b3 Re8 28. Bxf6 Rxe2 29. Bxe2 gxf6 30. h5 gxh5 31. Bxh5 Be5 32. Kf1 b6 33. Ke2 Bd4 34. Bxf7 Kd6 35. f4 Bc3 36. Kf3 Bd4 37. g4 Bb2 1/2-1/2

[Event "Oberwart op-A 34th"]
[Site "Oberwart"]
[Date "2012.07.12"]
[Round "6"]
[White "Neff, Gregor"]
[Black "Gasser, Klaus"]
[Result "1/2-1/2"]
[WhiteElo "2205"]
[BlackElo "2043"]
[PlyCount "36"]
[EventDate "2012.07.07"]
[EventType "swiss"]
[EventRounds "9"]
[EventCountry "AUT"]
[SourceTitle "CBM 149 Extra"]
[Source "ChessBase"]
[SourceDate "2012.08.24"]
[SourceVersion "1"]
[SourceVersionDate "2012.08.24"]
[SourceQuality "1"]

1. b3 b6 2. Bb2 Bb7 3. e3 e6 4. Nf3 Nf6 5. Be2 Be7 6. 0-0 0-0 7. c4 d5 8. Qc2 c5 9. Rd1 Nc6 10. d4 Nb4 11. Qc1 Qc7 12. a3 Na6 13. Nbd2 Rac8 14. Qc2 dxc4 15. bxc4 Rfd8 16. Rac1 h6 17. h3 Nb8 18. Qb1 Nbd7 1/2-1/2

[Event "AUT-chT2O 1112"]
[Site "Austria"]
[Date "2012.03.18"]
[Round "9.6"]
[White "Trippold, Denise"]
[Black "Neff, Gregor"]
[Result "0-1"]
[WhiteElo "1737"]
[BlackElo "2174"]
[PlyCount "86"]
[EventDate "2011.10.15"]
[EventType "team-tourn"]
[EventRounds "11"]
[EventCountry "AUT"]
[SourceTitle "EXT 2013"]
[Source "ChessBase"]
[SourceDate "2012.11.22"]
[SourceVersion "1"]
[SourceVersionDate "2012.11.22"]
[SourceQuality "1"]
[WhiteTeam "Baden Invest"]
[BlackTeam "Tschaturanga"]
[WhiteTeamCountry "AUT"]
[BlackTeamCountry "AUT"]

1. d4 Nf6 2. c4 Nc6 3. Nf3 e6 4. e3 Bb4+ 5. Nbd2 0-0 6. a3 Bxd2+ 7. Bxd2 d6 8. b4 Qe7 9. Be2 e5 10. d5 Nb8 11. Qc2 Nbd7 12. e4 Nh5 13. 0-0 g6 14. Be3 Ng7 15. Nd2 f5 16. f3 f4 17. Bf2 g5 18. c5 Nf6 19. Rac1 Nge8 20. g3 Bh3 21. Rfd1 Kh8 22. Kh1 Qg7 23. Rg1 Qh6 24. gxf4 gxf4 25. Bf1 Bd7 26. Bd3 Nh5 27. Nc4 b6 28. cxd6 cxd6 29. Qe2 Rc8 30. Rc2 Ba4 31. Rb2 Bb5 32. Nxe5 dxe5 33. Bxb5 Nef6 34. Rc2 Rg8 35. Rcc1 Ng3+ 36. Bxg3 fxg3 37. Rcd1 Nh5 38. Qb2 Qf4 39. Rdf1 gxh2 40. Rxg8+ Rxg8 41. Rf2 Ng3+ 42. Kxh2 Nxe4+ 43. Kh1 Qh4+ 0-1

[Event "Vienna Kavalier op 5th"]
[Site "Vienna"]
[Date "2010.11.03"]
[Round "6"]
[White "Neff, Gregor"]
[Black "Menezes, Christoph"]
[Result "1/2-1/2"]
[WhiteElo "2144"]
[BlackElo "2040"]
[PlyCount "70"]
[EventDate "2010.10.28"]
[EventType "swiss"]
[EventRounds "7"]
[EventCountry "AUT"]
[SourceTitle "EXT 2011"]
[Source "ChessBase"]
[SourceDate "2010.11.26"]
[SourceVersion "1"]
[SourceVersionDate "2010.11.26"]
[SourceQuality "1"]

1. d4 Nf6 2. c4 e6 3. Nc3 Bb4 4. a3 Bxc3+ 5. bxc3 c5 6. e3 0-0 7. Bd3 Nc6 8. e4 cxd4 9. cxd4 Nxd4 10. e5 Qa5+ 11. Kf1 Ne8 12. Bxh7+ Kxh7 13. Qxd4 d6 14. Nf3 dxe5 15. Nxe5 Nf6 16. Bg5 Ng4 17. Nxg4 Qxg5 18. Rd1 Kh8 19. f3 b5 20. h4 Qh5 21. cxb5 Qxb5+ 22. Kf2 Ba6 23. Ne5 Rac8 24. Rhe1 Rc2+ 25. Kg1 Kg8 26. h5 f6 27. Ng6 Re8 28. h6 Qg5 29. Nf4 Rc4 30. Qd6 Rxf4 31. Rxe6 Rxe6 32. Qxe6+ Kh7 33. Qxa6 Qc5+ 34. Kf1 Kxh6 35. Qd6 Qxd6 1/2-1/2

[Event "Vienna Kavalier op 5th"]
[Site "Vienna"]
[Date "2010.11.01"]
[Round "4"]
[White "Neff, Gregor"]
[Black "Hajenius, Willem"]
[Result "1-0"]
[WhiteElo "2144"]
[BlackElo "2036"]
[PlyCount "59"]
[EventDate "2010.10.28"]
[EventType "swiss"]
[EventRounds "7"]
[EventCountry "AUT"]
[SourceTitle "EXT 2011"]
[Source "ChessBase"]
[SourceDate "2010.11.26"]
[SourceVersion "1"]
[SourceVersionDate "2010.11.26"]
[SourceQuality "1"]

1. c4 f5 2. Nc3 Nf6 3. g3 c6 4. Bg2 g6 5. c5 Bg7 6. Qb3 e6 7. Nf3 0-0 8. 0-0 Na6 9. d4 b6 10. cxb6 axb6 11. Bf4 d5 12. Ne5 Bb7 13. Na4 b5 14. Rac1 Nh5 15. Bd2 Qe7 16. Nc3 c5 17. Nxb5 cxd4 18. Nc6 Qd7 19. Ncxd4 Nf6 20. f4 Ne4 21. Bxe4 fxe4 22. Be3 Kh8 23. Nc7 e5 24. fxe5 Rxf1+ 25. Kxf1 Qh3+ 26. Ke1 Bh6 27. Nxa8 Bxe3 28. Qxe3 Bxa8 29. e6 Bb7 30. Qf4 1-0

[Event "Latschach op 26th"]
[Site "Latschach"]
[Date "2010.08.19"]
[Round "7"]
[White "Neff, Gregor"]
[Black "Frenkel, Alexander"]
[Result "1-0"]
[WhiteElo "2144"]
[BlackElo "2025"]
[PlyCount "147"]
[EventDate "2010.08.14"]
[EventType "swiss"]
[EventRounds "9"]
[EventCountry "AUT"]
[SourceTitle "CBM 138 Extra"]
[Source "ChessBase"]
[SourceDate "2010.10.29"]
[SourceVersion "1"]
[SourceVersionDate "2010.10.29"]
[SourceQuality "1"]

1. d4 d5 2. c4 e6 3. Nf3 c6 4. g3 f5 5. Bg2 Nf6 6. Nc3 Bd6 7. 0-0 0-0 8. Qc2 Ne4 9. Rb1 Nd7 10. b4 Nxc3 11. Qxc3 b5 12. c5 Bc7 13. Bf4 a5 14. Bxc7 Qxc7 15. a3 a4 16. Rbe1 Nf6 17. Ne5 Bd7 18. f3 Be8 19. e4 Bf7 20. Re3 Rae8 21. Rfe1 g6 22. Qd2 Kg7 23. R3e2 Rd8 24. exf5 exf5 25. Kf2 Rde8 26. Re3 Nd7 27. Nd3 Rxe3 28. Rxe3 Re8 29. Rxe8 Bxe8 30. Qe3 Nf6 31. Bf1 Bf7 32. Be2 Bg8 33. Bd1 Bf7 34. Nf4 Bg8 35. h4 Bf7 36. Be2 h6 37. Bd1 Qd7 38. Nd3 Qe6 39. Qf4 Nh5 40. Qc7 Kg8 41. Ne5 Be8 42. Be2 Nf6 43. Qd8 Kg7 44. Qc7+ Kg8 45. Qb6 Nd7 46. Qxc6 Qxc6 47. Nxc6 Nxc5 48. Ne7+ Kf7 49. Nxd5 Na6 50. Nc3 Nc7 51. Ke3 Ke6 52. Kd3 Nd5 53. Nd1 Bc6 54. Nf2 Kf6 55. Kd2 Nb6 56. Kc3 Nd5+ 57. Kd2 Nb6 58. Nd1 Nd5 59. f4 Ke6 60. h5 Kf6 61. hxg6 Kxg6 62. Nc3 Nc7 63. d5 Bxd5 64. Nxd5 Nxd5 65. Bxb5 Nb6 66. Be8+ Kf6 67. Kd3 Ke7 68. Bb5 Ke6 69. Kd4 Kd6 70. Bd3 h5 71. Bxf5 h4 72. gxh4 Nd5 73. Bc2 Nxf4 74. Bxa4 1-0

[Event "Latschach op 25th"]
[Site "Latschach"]
[Date "2009.08.09"]
[Round "3"]
[White "Wawricka, Alfred"]
[Black "Neff, Gregor"]
[Result "1-0"]
[WhiteElo "2018"]
[BlackElo "2147"]
[PlyCount "139"]
[EventDate "2009.08.08"]
[EventType "swiss"]
[EventRounds "9"]
[EventCountry "AUT"]
[SourceTitle "CBM 131 Extra"]
[Source "ChessBase"]
[SourceDate "2009.09.03"]
[SourceVersion "2"]
[SourceVersionDate "2009.09.16"]
[SourceQuality "1"]

1. c4 g6 2. Nc3 Bg7 3. g3 Nf6 4. Bg2 0-0 5. d4 d6 6. Nf3 c6 7. 0-0 Qa5 8. d5 cxd5 9. cxd5 Bg4 10. Qb3 Bxf3 11. Bxf3 Nbd7 12. Bd2 Rfc8 13. Ne4 Qb6 14. Qxb6 Nxb6 15. Nc3 Nc4 16. Bc1 Nd7 17. Rb1 a6 18. Nd1 b5 19. Ne3 Nde5 20. b3 Nxe3 21. Bxe3 Rc2 22. a4 Nxf3+ 23. exf3 bxa4 24. bxa4 Ra2 25. Rb4 f5 26. Rc1 Kf7 27. Rc7 a5 28. Rbb7 Bf6 29. Rc4 Rb2 30. Rxb2 Bxb2 31. Bd2 Ba3 32. Rh4 Kg8 33. Rc4 Bb4 34. Bxb4 axb4 35. Rxb4 Ra5 36. Rd4 Kf7 37. h4 e5 38. dxe6+ Kxe6 39. f4 d5 40. Kf1 Kd6 41. Ke2 Kc5 42. Kd3 Ra8 43. Kc3 Ra7 44. Rb4 Re7 45. Rb5+ Kc6 46. Rb2 Re4 47. Kb3 Kb6 48. Rd2 Kc5 49. Rc2+ Kb6 50. Ra2 Ka5 51. Kc3 Rc4+ 52. Kd3 Rb4 53. Ke3 Re4+ 54. Kf3 Rxa4 55. Re2 Re4 56. Rxe4 fxe4+ 57. Ke3 Kb5 58. Kd4 Kc6 59. g4 Kd6 60. f5 gxf5 61. gxf5 h5 62. f6 Ke6 63. f7 Kxf7 64. Kxd5 Kf6 65. Kxe4 Ke6 66. Kf4 Kf6 67. f3 Kg6 68. Ke5 Kg7 69. Ke6 Kg6 70. f4 1-0